Ham's primary care geriatrics : (Record no. 172391)

MARC details
000 -LEADER
fixed length control field 01326cam a22003618i 4500
001 - CONTROL NUMBER
control field 1233300647
003 - CONTROL NUMBER IDENTIFIER
control field OSt
005 - DATE AND TIME OF LATEST TRANSACTION
control field 20250916110621.0
008 - FIXED-LENGTH DATA ELEMENTS--GENERAL INFORMATION
fixed length control field 210106t20222022paua b 001 0 eng d
020 ## - INTERNATIONAL STANDARD BOOK NUMBER
International Standard Book Number 9780323721684 (Hardcover)
024 ## - OTHER STANDARD IDENTIFIER
Terms of availability USD 68.00
040 ## - CATALOGING SOURCE
Original cataloging agency UKMGB
Language of cataloging eng
Description conventions rda
Transcribing agency UKMGB
Modifying agency NUST
050 #4 - LIBRARY OF CONGRESS CALL NUMBER
Classification number RC952.7 HAM
245 00 - TITLE STATEMENT
Title Ham's primary care geriatrics :
Remainder of title a case-based approach /
Statement of responsibility, etc. edited by Gregg A. Warshaw, Jane F. Potter, Ellen Flaherty, Mitchell T. Heflin, Matthew K. McNabney and Richard J. Ham.
250 ## - EDITION STATEMENT
Edition statement Seventh edition.
260 ## - PUBLICATION, DISTRIBUTION, ETC.
Place of publication, distribution, etc. Philadelphia, PA :
Name of publisher, distributor, etc. Elsevier,
Date of publication, distribution, etc. ©2022.
300 ## - PHYSICAL DESCRIPTION
Extent xviii, 570 pages :
Other physical details Illustrations ;
Dimensions 28 cm.
336 ## - CONTENT TYPE
Content type term text
Content type code txt
Source rdacontent
337 ## - MEDIA TYPE
Media type term unmediated
Media type code n
Source rdamedia
338 ## - CARRIER TYPE
Carrier type term volume
Carrier type code nc
Source rdacarrier
504 ## - BIBLIOGRAPHY, ETC. NOTE
Bibliography, etc. note Includes bibliographical references and index.
650 #0 - SUBJECT ADDED ENTRY--TOPICAL TERM
Topical term or geographic name entry element Geriatrics
General subdivision Case studies
650 #0 - SUBJECT ADDED ENTRY--TOPICAL TERM
Topical term or geographic name entry element Primary care (Medicine).
650 12 - SUBJECT ADDED ENTRY--TOPICAL TERM
Topical term or geographic name entry element Geriatrics.
650 22 - SUBJECT ADDED ENTRY--TOPICAL TERM
Topical term or geographic name entry element Primary health care.
700 1# - ADDED ENTRY--PERSONAL NAME
Personal name Warshaw, Gregg A.
Relator term Editor.
700 1# - ADDED ENTRY--PERSONAL NAME
Personal name Potter, Jane F.
Relator term Editor
700 1# - ADDED ENTRY--PERSONAL NAME
Personal name Flaherty, Ellen
Relator term Editor
700 1# - ADDED ENTRY--PERSONAL NAME
Personal name Heflin, Mitchell T.
Relator term Editor
700 1# - ADDED ENTRY--PERSONAL NAME
Personal name McNabney, Matthew K.
Relator term Editor
700 1# - ADDED ENTRY--PERSONAL NAME
Personal name Ham, Richard J.
Relator term Editor
942 ## - ADDED ENTRY ELEMENTS (KOHA)
Source of classification or shelving scheme Library of Congress Classification
Koha item type Ordinary Loan Books
Edition Seventh edition.
Classification part RC952.7 HAM
Call number prefix RC
Call number suffix HAM
Suppress in OPAC No
Holdings
Withdrawn status Lost status Source of classification or shelving scheme Damaged status Not for loan Collection Home library Current library Shelving location Date acquired Source of acquisition Cost, normal purchase price Total Checkouts Full call number Barcode Date last seen Accession number Cost, replacement price Price effective from Koha item type Public note
    LCC     NFIC Medical Medical GEN 09/16/2025 Book Aid International 68.00   RC952.7 HAM 92004057898 09/16/2025 63172 68.00 09/16/2025 BOOKS Donation